00000000nam 2200000zi 4500
0019.947175
003CaOODSP
00520250121092421
006m    go  d f      
007cr |n|||||||||
008250121e198604  onca    ob   f000 0 eng d
040 |aCaOODSP|beng|erda|cCaOODSP
041 |aeng|bfre
043 |an-cn---
0861 |aCo24-3/11-1-1986E-PDF
24500|aEvaluation assessment of Bill C-58.
264 1|a[Ottawa] : |bCommunications Canada, |cApril 1986.
300 |a1 online resource (1 volume (various pagings)) : |bfigures.
336 |atext|btxt|2rdacontent
337 |acomputer|bc|2rdamedia
338 |aonline resource|bcr|2rdacarrier
4901 |aEvaluation assessment = Rapport préparatoire d'évaluation ; |v[1]
500 |aDigitized copy from print [produced by Innovation, Science and Economic Development Canada].
500 |a"DOC program evaluation series."
504 |aIncludes bibliographical references.
546 |aIncludes summary in French.
650 0|aPeriodicals|xPublishing|xLaw and legislation|zCanada.
650 0|aPeriodicals|xTaxation|zCanada.
650 6|aEntreprises de presse|xDroit|zCanada.
650 6|aPériodiques|xImpôts|zCanada.
7101 |aCanada. |bCommunications Canada, |eissuing body.
830#0|aEvaluation assessment = Rapport préparatoire d'évaluation ;|v[1]|w(CaOODSP)9.940712
85640|qPDF|s1.11 MB|uhttps://publications.gc.ca/collections/collection_2025/isde-ised/co24/Co24-3-11-1-1986-eng.pdf